000
00304 a2200157 4500
001
190794
020
_a
978-85-356-4364-0
040
_c
Magnum
100
_a
Neves, André
240
1
0
_a
Lino
_l
por
245
1
0
_a
Lino
300
_a
33
362
0
_a
2018
697
_a
LITERATURA INFANTO
942
_c
BK
999
_c
190794
_d
190794